000 00583nam a2200229Ia 4500
003 OSt
005 20221005132758.0
006 a|||||r|||| 00| 0
007 ta
008 221004b |||||||| |||| 00| 0 tam d
024 _a52209
037 _cTextual
040 _aCRL
_cCRL
_btam
041 _2tam
_atam
082 _aV21:51wM81, J2
100 _aArasu Au.
_9584457
245 0 _aVa ve su Iyer
260 _c1952
650 _aINDIA - HISTORY - FREEDOM STRUGGLE
_922401
942 _hV21:51wM81, J2
_cTEXL
_2cc
999 _c1064777
_d1064777